Od prológu na ostro účastníci Okolo Slovenska nasadnú dnes na bicykle

Bibliographic Details
Format: Article
Language:Slovak
Subjects:

MARC

LEADER 00000nab a2200000 a 4500
001 vtls001021965
003 SK-MaSNL
005 20260305033040.0
008 171110e19930803xo 0 slo
035 |a SL556 
040 |a SLLK  |b slo  |c SLLK  |e AACR2 
041 0 |a slo 
044 |a xo  |c SK 
080 |a 796.6  |2 1981 
245 0 0 |a Od prológu na ostro  |b účastníci Okolo Slovenska nasadnú dnes na bicykle 
611 1 7 |a Okolo Slovenska  |n (37. :  |d 1993)  |2 SLLK  |9 1028645 
650 0 7 |a šport  |2 snkbucl  |9 1042 
650 0 7 |a cestná cyklistika  |2 SLLK  |9 75789 
651 7 |a Stará Ľubovňa (Slovensko : okres)  |2 snkbucl  |9 19196 
773 0 8 |t Republika  |g Roč. 1, č.103, 3.8.1993, s. 11 
852 |a ZVYKNI  |b KIS3GCP 
999 |c 3322608  |d 3324538